| 000 | 01131nam a2200229Ia 4500 | ||
|---|---|---|---|
| 003 | Ost | ||
| 005 | 20260507075254.0 | ||
| 008 | 260507s9999||||xx |||||||||||||| ||und|| | ||
| 040 | _cfsecg | ||
| 041 | _aara | ||
| 082 | _a330 | ||
| 100 |
_aالحجار، بسام _eمؤلف |
||
| 245 | 0 |
_aنظام النقد العالمي وأسعار الصرف / _c بسام الحجار |
|
| 260 |
_aبيروت: _bدار المنهل اللبناني, _c2009 |
||
| 300 |
_a221 صفحة؛ _bإيضاحات ؛ _c24 سم |
||
| 504 | _aمراجع ص.213 ؛معجم المصطلحات ص.205 | ||
| 520 | _aالنظام النقدي الدولي و السيولة الدولية ، صندوق النقد الدولي، النقود و الفائدة و سعر الصرف ، سعر الصرفو نظرية تعادل القوة الشرائية ، أسعار الصرف الفورية و الآجلة ، سوق العقود المستقبلية و الخيارات على العملة . | ||
| 653 | _aأسعار الصرف الأجنبي | ||
| 653 | _aسعر الصرف | ||
| 653 | _aصندوق النقد الدولي | ||
| 942 | _cكتاب | ||
| 999 |
_c43721 _d43721 |
||